| 000 | 00468nam a2200169Ia 4500 | ||
|---|---|---|---|
| 999 |
_c27690 _d27690 |
||
| 003 | OSt | ||
| 005 | 20260305124335.0 | ||
| 008 | 190216s9999||||xx |||||||||||||| ||und|| | ||
| 040 | _coclc | ||
| 082 |
_a894.812301 _bZAC/O |
||
| 100 | 0 |
_aSakkar̲iya, _d1945- _96653 |
|
| 245 | 0 |
_aOridath / _cPaul Zacharia |
|
| 260 |
_bCurrent Books, _aKottayam: |
||
| 300 | _a231p | ||
| 650 | _aKathakal | ||
| 942 |
_cBK _2ddc _h894.812301 _iZAC/O _k894.812301 _mZAC/O |
||